000 00388nam a2200145Ia 4500
008 230917s9999||||xx |||||||||||||| ||und||
040 _e121969
_aMAIN
041 _aEnglish
082 _a387.7 R186A
100 _aRatandeep Singh
245 0 _aAviation management: Global and national perspectives
260 _aNew Delhi
_bKanishka Publishers
_c2008
300 _a293 p.
942 _cBK
999 _c146736
_d146736